Intellectual property: the law of trademarks, copyrights, patents, and trade secrets (Record no. 341327)
[ view plain ]
| 000 -LEADER | |
|---|---|
| fixed length control field | 00349nam a22001217a 4500 |
| 020 ## - INTERNATIONAL STANDARD BOOK NUMBER | |
| International Standard Book Number | 9788131516577 |
| 082 ## - DEWEY DECIMAL CLASSIFICATION NUMBER | |
| Classification number | 346.048 |
| Item number | BOU/IN |
| 100 ## - MAIN ENTRY--PERSONAL NAME | |
| Personal name | Bouchoux, Deborah E |
| 9 (RLIN) | 33 |
| 245 ## - TITLE STATEMENT | |
| Title | Intellectual property: the law of trademarks, copyrights, patents, and trade secrets |
| 250 ## - EDITION STATEMENT | |
| Edition statement | 3rd |
| 260 ## - PUBLICATION, DISTRIBUTION, ETC. (IMPRINT) | |
| Place of publication, distribution, etc. | New Delhi |
| Name of publisher, distributor, etc. | Cengage Learning |
| Date of publication, distribution, etc. | 2012 |
| 942 ## - ADDED ENTRY ELEMENTS (KOHA) | |
| Koha item type | Books (General) |
| Withdrawn status | Lost status | Damaged status | Not for loan | Collection code | Home library | Current library | Shelving location | Date acquired | Source of acquisition | Total Checkouts | Full call number | Barcode | Date last seen | Price effective from | Koha item type |
|---|---|---|---|---|---|---|---|---|---|---|---|---|---|---|---|
| Kelappaji College of Agricultural Engineering & Technology Library, Tavanur | Kelappaji College of Agricultural Engineering & Technology Library, Tavanur | 30/03/2013 | Aman Book Stall, Calicut | 346.048 BOU/IN | KAU_KCAEFT-24058 | 03/09/2025 | 17/03/2014 | Books (General) |
